Pi Quiz ~ 30 seconds - Statistics

General Stats
  • This quiz has been taken 816 times
  • The average score is 11 of 23
Answer Stats
Hint Answer % Correct
First number 3
100%
Next two digits 14
96%
Next two digits 15
91%
Next two digits 92
84%
Next two digits 65
76%
Next two digits 35
67%
Next two digits 89
61%
Next two digits 79
59%
Next two digits 79
59%
Next two digits 32
56%
Next two digits 32
56%
Next two digits 38
52%
Next two digits 38
52%
Next two digits 26
47%
Next two digits 46
47%
Next two digits 43
39%
Next two digits 50
22%
Next two digits 69
16%
Next two digits 71
15%
Next two digits 19
13%
Next two digits 28
13%
Next two digits 84
13%
Next two digits 39
9%
No matching quizzes found
Score Distribution
Percent of People with Each Score
Percentile by Number Answered
Your Score History
You have not taken this quiz